000 00495nam a2200205Ia 4500
008 210210b2012 xxu||||| |||| 00| 0 eng d
020 _a9789381335192
041 _aeng
082 _a346.065 AROB
100 _aARORA (Renu)
245 _aBusiness and industrial laws
260 _aAhmedabad
_bInternational Book House Pvt. Ltd.
_c2012
300 _a386
650 _alaws
650 _aindustrial
650 _aBusiness
650 _aand
690 _aBusiness Law
906 _a069113
999 _c153205
_d153205